000 00817nam a2200253Ia 4500
003 OSt
005 20220923215129.0
006 a|||||r|||| 00| 0
007 ta
008 220922b |||||||| |||| 00| 0 hin d
024 _a175,882
037 _cTextual
040 _aARTS
_cARTS
_bhin
041 _2hin
_ahin
082 _aO152,1xN7, M7
100 _aमुकुल, मेधराज, संपा.
245 0 _aनिर्निमेष
246 _aNirnimeṣha
260 _aबीकानेर
_b कृष्ण जनसेवी एण्ड को.
_c1987
300 _a148 पृ.
_ccm.
650 _aहिन्दी साहित्य
_9156264
942 _hO152,1xN7, M7
_cTEXL
_2CC
999 _c329558
_d329558